• 首页
  • 本馆介绍
  • 公告通知
  • 最新文献
  • 馆藏检索
  • 电子资源
  • 读者导购
  • 参考咨询
  • 我的图书馆
  • 登录
  • 详细信息显示
  • 放入我的书架
  • 预约/预借图书
  • 作者相关作品
  • 分类相关作品
  • 丛书相关作品
  • 出版社相关作品

书目信息

  • 表格格式
  • 工作单格式
  • 卡片格式
书名: Chem one
作者: Jurg Waser, Kenneth N. Trueblood, Charles M. Knobler.
分册号:
分册名:
出版地: New York :
 
出版社: McGraw-Hill
出版时间: c1980.
页数: xx, 774 p. :
开本: 26 cm.
丛书名:
中图分类号:
科图分类号:
其他分类号: O6
主题词:
电子资源:
000 00815pam 2200289 i 4504
001 E0760996847
003 OCoLC
005 20070305165749.99
008 790522s1980 nyua b 001 0 eng
010    @a79015670
020    @a0070684324.
040    @aDLC@cDLC@dCIN
050 00 @aQD31.2@b.W36 1980
082 0  @a540
090    @aP41/W68/1980
090    @aO6
099    @dO6@ex16=2
100 1  @aWaser, Jurg.
245 10 @aChem one / @cJurg Waser, Kenneth N. Trueblood, Charles M. Knobler.
250    @a2d ed.
260    @aNew York :@bMcGraw-Hill,@cc1980.
300    @axx, 774 p. :@bill. ;@c26 cm.
504    @aIncludes bibliographical references and index.
650  0 @aChemistry.
700 1  @aTrueblood, Kenneth N.
700 1  @aKnobler, Charles M.,@d1934-
920    @a232010@z2
    
    Chem one / / Jurg Waser, Kenneth N. Trueblood, Charles M. Knobler.-2d ed.-New York : : McGraw-Hill, , c1980.
    xx, 774 p. : : ill. ; ; 26 cm.
    Includes bibliographical references and index.
    
    ISBN 0070684324.
    
●
相关链接 在E读中查询图书 在五车中查询图书 在当当中查询图书 在豆瓣中查询图书


正题名:Chem one     索取号:O6/x16=2         预约/预借

序号 登录号 条形码 馆藏地/架位号 状态 备注
1 0000033   300000335   第四借阅区/ [索取号:O6/x16=2] 在馆    
2 182988   000636486   第二样本阅览室/ [索取号:O6/x16=2] 在馆    
唐山师范学院图书馆 欢迎您!
大连网信软件有限公司© 版权所有